[Event "Armenia Quindio op"]
[Site "Armenia"]
[Date "2024.04.06"]
[Round "3"]
[White "Sanchez Ramirez, Jhon Jaiver"]
[Black "Echeverry Gonzalez, Jamer Adrian"]
[Result "0-1"]
[WhiteElo "1600"]
[BlackElo "1654"]
[PlyCount "72"]
[EventDate "2024.04.06"]
[EventType "swiss"]
[EventRounds "6"]
[EventCountry "COL"]
[SourceTitle "CBM 219 Extra"]
[Source "ChessBase"]
[SourceDate "2024.05.31"]
[SourceVersion "1"]
[SourceVersionDate "2024.05.31"]
[SourceQuality "1"]

1. e4 d5 2. e5 c5 3. f4 Nc6 4. Nf3 Bg4 5. Be2 e6 6. 0-0 Nge7 7. Nc3 a6 8. d3 Nf5 9. Bd2 Be7 10. a3 0-0 11. Qe1 b5 12. Nd1 Bxf3 13. Bxf3 Ncd4 14. Rc1 a5 15. Ne3 b4 16. a4 Nh4 17. Bd1 Nhf5 18. c3 Nxe3 19. Bxe3 Nf5 20. Bf2 Qd7 21. b3 bxc3 22. Qxc3 Rfc8 23. Bf3 Qb7 24. g4 Nd4 25. Bxd4 cxd4 26. Qxd4 Qxb3 27. Kg2 Rc2+ 28. Rxc2 Qxc2+ 29. Rf2 Qc1 30. Rf1 Qa3 31. Be2 Bc5 32. Qa1 Qb4 33. Kf3 Rb8 34. Rc1 Bd4 35. Qa2 Bb2 36. Rc2 Bc3 0-1

[Event "COL-ch Amateur"]
[Site "Medellin Antioquia"]
[Date "2016.03.04"]
[Round "6"]
[White "Echeverry Gonzalez, Jamer Adrian"]
[Black "Zapata Torres, Edison Alexander"]
[Result "1-0"]
[WhiteElo "1613"]
[BlackElo "1630"]
[PlyCount "36"]
[EventDate "2016.02.29"]
[EventType "swiss"]
[EventRounds "9"]
[EventCountry "COL"]
[SourceTitle "EXT 2020"]
[Source "ChessBase"]
[SourceDate "2019.10.17"]
[SourceVersion "1"]
[SourceVersionDate "2019.10.17"]
[SourceQuality "1"]

1. d4 d5 2. c4 e6 3. Nc3 c5 4. cxd5 cxd4 5. Qxd4 Nc6 6. Qd1 exd5 7. Qxd5 Qb6 8. Qb5 Qd8 9. Bg5 Be7 10. Nf3 Bd7 11. Rd1 Nd4 12. Rxd4 Bxb5 13. Rxd8+ Rxd8 14. Nxb5 Bb4+ 15. Bd2 Bxd2+ 16. Nxd2 Rc8 17. Nd6+ Kd7 18. Nxc8 Kxc8 1-0